The story of western architecture (Record no. 12339)

000 -LEADER
fixed length control field 00356 a2200145 4500
003 - CONTROL NUMBER IDENTIFIER
control field OSt
005 - DATE AND TIME OF LATEST TRANSACTION
control field 20240116155445.0
008 - FIXED-LENGTH DATA ELEMENTS--GENERAL INFORMATION
fixed length control field 240116b ||||| |||| 00| 0 eng d
020 ## - INTERNATIONAL STANDARD BOOK NUMBER
International Standard Book Number 9781408128138
082 ## - DEWEY DECIMAL CLASSIFICATION NUMBER
Classification number 720.94
Item number RIS
100 ## - MAIN ENTRY--PERSONAL NAME
Personal name Risebero, Bill,
Dates associated with a name 1938-
245 ## - TITLE STATEMENT
Title The story of western architecture
260 ## - PUBLICATION, DISTRIBUTION, ETC. (IMPRINT)
Name of publisher, distributor, etc A & C Black
Date of publication, distribution, etc 2012
942 ## - ADDED ENTRY ELEMENTS (KOHA)
Source of classification or shelving scheme
Holdings
Withdrawn status Lost status Source of classification or shelving scheme Damaged status Koha normalized classification for sorting Not for loan Permanent location Current location Date acquired Source of acquisition Cost, normal purchase price Full call number Barcode Date last seen Cost, replacement price Price effective from Koha item type
        720_940000000000000_RIS   BMS College of Architecture, Design and Planning BMS College of Architecture, Design and Planning 2024-01-16 1 3088.59 720.94 RIS AR-UG3640 2024-01-16 4118.12 2024-01-16 UG Books
Copyright © 2025, The Librarian, Library and Information Centre, BMSCA D&P, Bengaluru. All Rights Reserved
web counter

Powered by Koha